<?xml version="1.0" encoding="UTF-8"?>
<record
    xmlns:xsi="http://www.w3.org/2001/XMLSchema-instance"
    xsi:schemaLocation="http://www.loc.gov/MARC21/slim http://www.loc.gov/standards/marcxml/schema/MARC21slim.xsd"
    xmlns="http://www.loc.gov/MARC21/slim">

  <leader>01078nam a22002777a 4500</leader>
  <controlfield tag="003">CBULib</controlfield>
  <controlfield tag="005">20240415083726.0</controlfield>
  <controlfield tag="008">230623b        |||||||| |||| 00| 0 eng d</controlfield>
  <datafield tag="020" ind1=" " ind2=" ">
    <subfield code="a">9789211129861</subfield>
  </datafield>
  <datafield tag="040" ind1=" " ind2=" ">
    <subfield code="a">CBULib</subfield>
    <subfield code="c">CBULib</subfield>
    <subfield code="b">English</subfield>
    <subfield code="e">rda</subfield>
  </datafield>
  <datafield tag="041" ind1=" " ind2=" ">
    <subfield code="a">eng</subfield>
  </datafield>
  <datafield tag="099" ind1=" " ind2=" ">
    <subfield code="a">UNCTAD(06)STIP/2020/2</subfield>
  </datafield>
  <datafield tag="110" ind1=" " ind2=" ">
    <subfield code="a">United Nations Conference on Trade and Development(UNCTAD)</subfield>
  </datafield>
  <datafield tag="245" ind1=" " ind2=" ">
    <subfield code="a">Science technology &amp; innovation policy review : Uganda</subfield>
    <subfield code="c">/ by United Nations Conference on Trade and Development(UNCTAD)</subfield>
  </datafield>
  <datafield tag="260" ind1=" " ind2=" ">
    <subfield code="a">Geneva : </subfield>
    <subfield code="b">United Nations,</subfield>
    <subfield code="c">2020</subfield>
  </datafield>
  <datafield tag="300" ind1=" " ind2=" ">
    <subfield code="a">xvii, 110 pages : illustrations </subfield>
  </datafield>
  <datafield tag="336" ind1=" " ind2=" ">
    <subfield code="2">rdacontent</subfield>
    <subfield code="a">Text |</subfield>
    <subfield code="b">txt</subfield>
  </datafield>
  <datafield tag="337" ind1=" " ind2=" ">
    <subfield code="2">rdamedia</subfield>
    <subfield code="a">Unmediated |</subfield>
    <subfield code="b">n</subfield>
  </datafield>
  <datafield tag="338" ind1=" " ind2=" ">
    <subfield code="2">rdacarrier</subfield>
    <subfield code="a">Volume</subfield>
    <subfield code="b">nc</subfield>
  </datafield>
  <datafield tag="610" ind1=" " ind2=" ">
    <subfield code="a">UNITED NATIONS CONFERENCE ON TRADE AND DEVELOPMENT(UNCTAD)</subfield>
  </datafield>
  <datafield tag="650" ind1=" " ind2=" ">
    <subfield code="a">TECHNOLOGICAL INNOVATIONS--GOVERNMENT POLICY--UGANDA</subfield>
  </datafield>
  <datafield tag="650" ind1=" " ind2=" ">
    <subfield code="a">SCIENCE AND INDUSTRY--GOVERNMENT POLICY--UGANDA</subfield>
  </datafield>
  <datafield tag="650" ind1=" " ind2=" ">
    <subfield code="a">POLICY REVIEW--UGANDA</subfield>
  </datafield>
  <datafield tag="856" ind1=" " ind2=" ">
    <subfield code="u">https://unctad.org/system/files/official-document/dtlstict2020d4_en.pdf</subfield>
  </datafield>
  <datafield tag="942" ind1=" " ind2=" ">
    <subfield code="c">029</subfield>
    <subfield code="2">lcc</subfield>
  </datafield>
  <datafield tag="999" ind1=" " ind2=" ">
    <subfield code="c">79383</subfield>
    <subfield code="d">79383</subfield>
  </datafield>
  <datafield tag="952" ind1=" " ind2=" ">
    <subfield code="0">0</subfield>
    <subfield code="1">0</subfield>
    <subfield code="2">lcc</subfield>
    <subfield code="4">0</subfield>
    <subfield code="7">0</subfield>
    <subfield code="8">SC</subfield>
    <subfield code="a">001</subfield>
    <subfield code="b">001</subfield>
    <subfield code="c">SC</subfield>
    <subfield code="d">2023-06-23</subfield>
    <subfield code="e">DEP-UNCTAD- United Conference on Trade and Development(UNCTAD)</subfield>
    <subfield code="l">0</subfield>
    <subfield code="o">UNCTAD(06)STIP/2020/2A</subfield>
    <subfield code="p">B4380</subfield>
    <subfield code="r">2023-06-23</subfield>
    <subfield code="t">1</subfield>
    <subfield code="w">2023-06-23</subfield>
    <subfield code="y">029</subfield>
  </datafield>
  <datafield tag="952" ind1=" " ind2=" ">
    <subfield code="0">0</subfield>
    <subfield code="1">0</subfield>
    <subfield code="2">lcc</subfield>
    <subfield code="4">0</subfield>
    <subfield code="7">0</subfield>
    <subfield code="8">SC</subfield>
    <subfield code="a">001</subfield>
    <subfield code="b">001</subfield>
    <subfield code="c">SC</subfield>
    <subfield code="d">2023-06-23</subfield>
    <subfield code="e">DEP-UNCTAD- United Conference on Trade and Development(UNCTAD)</subfield>
    <subfield code="l">0</subfield>
    <subfield code="o">UNCTAD(06)STIP/2020/2B</subfield>
    <subfield code="p">B4381</subfield>
    <subfield code="r">2023-06-23</subfield>
    <subfield code="t">2</subfield>
    <subfield code="w">2023-06-23</subfield>
    <subfield code="y">029</subfield>
  </datafield>
</record>
